<?xml version="1.0" encoding="UTF-8"?>
<record
    xmlns:xsi="http://www.w3.org/2001/XMLSchema-instance"
    xsi:schemaLocation="http://www.loc.gov/MARC21/slim http://www.loc.gov/standards/marcxml/schema/MARC21slim.xsd"
    xmlns="http://www.loc.gov/MARC21/slim">

  <leader>00310nam a22001097a 4500</leader>
  <datafield tag="082" ind1=" " ind2=" ">
    <subfield code="a">664.53 REC</subfield>
  </datafield>
  <datafield tag="245" ind1=" " ind2=" ">
    <subfield code="a">Recapturing the glory of the spice and essential oil industry through science and Technology</subfield>
  </datafield>
  <datafield tag="260" ind1=" " ind2=" ">
    <subfield code="a">Colombo</subfield>
    <subfield code="b">Ichemc</subfield>
    <subfield code="c">2005</subfield>
  </datafield>
  <datafield tag="650" ind1=" " ind2=" ">
    <subfield code="a">spice</subfield>
  </datafield>
  <datafield tag="650" ind1=" " ind2=" ">
    <subfield code="a">essential oil industry</subfield>
  </datafield>
  <datafield tag="942" ind1=" " ind2=" ">
    <subfield code="c">SEMNR</subfield>
  </datafield>
  <datafield tag="999" ind1=" " ind2=" ">
    <subfield code="c">3402</subfield>
    <subfield code="d">3402</subfield>
  </datafield>
  <datafield tag="952" ind1=" " ind2=" ">
    <subfield code="0">0</subfield>
    <subfield code="1">0</subfield>
    <subfield code="7">0</subfield>
    <subfield code="8">NFIC</subfield>
    <subfield code="a">IC</subfield>
    <subfield code="b">IC</subfield>
    <subfield code="c">GEN</subfield>
    <subfield code="d">2016-06-04</subfield>
    <subfield code="l">0</subfield>
    <subfield code="o">664.53 REC</subfield>
    <subfield code="p">003829</subfield>
    <subfield code="r">2016-06-04 00:00:00</subfield>
    <subfield code="w">2016-06-04</subfield>
    <subfield code="y">SEMNR</subfield>
  </datafield>
  <datafield tag="952" ind1=" " ind2=" ">
    <subfield code="0">0</subfield>
    <subfield code="1">0</subfield>
    <subfield code="7">0</subfield>
    <subfield code="8">NFIC</subfield>
    <subfield code="a">IC</subfield>
    <subfield code="b">IC</subfield>
    <subfield code="c">GEN</subfield>
    <subfield code="d">2016-06-04</subfield>
    <subfield code="l">0</subfield>
    <subfield code="o">664.53 REC</subfield>
    <subfield code="p">003830</subfield>
    <subfield code="r">2016-06-04 00:00:00</subfield>
    <subfield code="w">2016-06-04</subfield>
    <subfield code="y">SEMNR</subfield>
  </datafield>
  <datafield tag="952" ind1=" " ind2=" ">
    <subfield code="0">0</subfield>
    <subfield code="1">0</subfield>
    <subfield code="7">0</subfield>
    <subfield code="8">NFIC</subfield>
    <subfield code="a">IC</subfield>
    <subfield code="b">IC</subfield>
    <subfield code="c">GEN</subfield>
    <subfield code="d">2016-06-04</subfield>
    <subfield code="l">0</subfield>
    <subfield code="o">664.53 REC</subfield>
    <subfield code="p">003831</subfield>
    <subfield code="r">2016-06-04 00:00:00</subfield>
    <subfield code="w">2016-06-04</subfield>
    <subfield code="y">SEMNR</subfield>
  </datafield>
  <datafield tag="952" ind1=" " ind2=" ">
    <subfield code="0">0</subfield>
    <subfield code="1">0</subfield>
    <subfield code="7">0</subfield>
    <subfield code="8">NFIC</subfield>
    <subfield code="a">IC</subfield>
    <subfield code="b">IC</subfield>
    <subfield code="c">GEN</subfield>
    <subfield code="d">2016-06-04</subfield>
    <subfield code="l">0</subfield>
    <subfield code="o">664.53 REC</subfield>
    <subfield code="p">003832</subfield>
    <subfield code="r">2016-06-04 00:00:00</subfield>
    <subfield code="w">2016-06-04</subfield>
    <subfield code="y">SEMNR</subfield>
  </datafield>
</record>
